Elizabeth leads the way : (Record no. 342911)
[ view plain ]
| 000 -LEADER | |
|---|---|
| fixed length control field | 00567nam a2200205Ia 4500 |
| 008 - FIXED-LENGTH DATA ELEMENTS--GENERAL INFORMATION | |
| fixed length control field | 170918s9999 xx 000 0 und d |
| 020 ## - INTERNATIONAL STANDARD BOOK NUMBER | |
| International Standard Book Number | 9780805079036 |
| 050 ## - LIBRARY OF CONGRESS CALL NUMBER | |
| Item number | S881 2008 |
| 100 ## - MAIN ENTRY--PERSONAL NAME | |
| Personal name | Stone, Tanya Lee |
| 245 ## - TITLE STATEMENT | |
| Title | Elizabeth leads the way : |
| 245 ## - TITLE STATEMENT | |
| Remainder of title | Elizabeth Cady Stanton and the right to vote / |
| 245 ## - TITLE STATEMENT | |
| Statement of responsibility, etc | by Tanya Lee Stone ; illustrated by Rebecca Gibbon. |
| 260 ## - PUBLICATION, DISTRIBUTION, ETC. (IMPRINT) | |
| Place of publication, distribution, etc | New York : |
| 260 ## - PUBLICATION, DISTRIBUTION, ETC. (IMPRINT) | |
| Name of publisher, distributor, etc | Henry Holt and Company, |
| 260 ## - PUBLICATION, DISTRIBUTION, ETC. (IMPRINT) | |
| Date of publication, distribution, etc | 2008 |
| 300 ## - PHYSICAL DESCRIPTION | |
| Extent | unpaged : |
| 300 ## - PHYSICAL DESCRIPTION | |
| Other physical details | colored illustration ; |
| 300 ## - PHYSICAL DESCRIPTION | |
| Dimensions | 28cm. |
| 500 ## - GENERAL NOTE | |
| General note | 700 |
| Withdrawn status | Lost status | Damaged status | Home library | Current library | Date acquired | Total Checkouts | Full call number | Barcode | Date last seen | Price effective from | Koha item type |
|---|---|---|---|---|---|---|---|---|---|---|---|
| Stonyhurst Southville International School (Malarayat) | Stonyhurst Southville International School (Malarayat) | 09/18/2017 | LEX S881 2008 | SSISM1983 | 09/18/2017 | 09/18/2017 | Lexile |